Depression in neurologic disorders (Record no. 78113)
[ view plain ]
| 000 -LEADER | |
|---|---|
| fixed length control field | 02646nam a2200337 a 4500 |
| 082 04 - DEWEY DECIMAL CLASSIFICATION NUMBER | |
| Classification number | 616.85/27 |
| 245 00 - TITLE STATEMENT | |
| Title | Depression in neurologic disorders |
| 250 ## - EDITION STATEMENT | |
| Edition statement | 1st ed. |
| 260 ## - PUBLICATION, DISTRIBUTION, ETC. (IMPRINT) | |
| Place of publication | Chichester, West Sussex : |
| Name of publisher | John Wiley & Sons, |
| Year of publication | 2012. |
| 300 ## - PHYSICAL DESCRIPTION | |
| Number of Pages | xii, 212 p., [4] p. of col. plates : |
| Other physical details | ill. (some col.) |
| 505 0# - FORMATTED CONTENTS NOTE | |
| Formatted contents note | Depression in neurologic disorders : why should neurologists care? / Andres M. Kanner -- Neurobiological aspects of depression : how do they affect neurological disorders? / Hecimovic Hrvoje -- Clinical manifestations of ideopathic depressive disorders / John A. Barry -- Screening instruments for depression in neurologic disorders : their application in the clinic and in research / Andres M. Kanner, Angela Strobel Parsons -- Suicidality in neurologic disorders / Yukari Tadokoro, Andres M. Kanner -- Neuropsychological aspects of depression : their relevance in depression in neurologic disorders / Erica J. Kalkut and Christopher L. Grote -- Depressive disorders in children and adolescents with neurological disorders / Rochelle Caplan -- Basic principles in the management of depression in neurologic disorders / Marco Mula -- Depression and migraine / Joan Roig Llesuy -- Post-stroke depression / Andres M. Kanner -- Depressive disorders in epilepsy / Andres M. Kanner -- Depression and movement disorders / Oliver T�uscher and Ludger Tebartz van Elst -- Depression and multiple sclerosis / Dana J. Serafin, Deborah M. Weisbrot, and Alan B. Ettinger -- Depression and dementia / Pablo Richly, Facundo Manes, and Julissn Bustin -- Depression and traumatic brain injury / S.A. Mensha and M.P. Kerr. |
| 650 #0 - SUBJECT ADDED ENTRY--TOPICAL TERM | |
| Topical Term | Depression, Mental |
| Topical Term | Depression, Mental |
| 700 1# - ADDED ENTRY--PERSONAL NAME | |
| Personal name | Kanner, Andres M. |
| 856 40 - ELECTRONIC LOCATION AND ACCESS | |
| Uniform Resource Identifier | http://site.ebrary.com/lib/rucke/Doc?id=10575445 |
No items available.
